| 000 | 00640cac a22002051u 4500 | ||
|---|---|---|---|
| 090 | _c6689 | ||
| 008 | 081029t1988 xxu||||| |||| 00| 0 eng d | ||
| 020 | _a0356148033 | ||
| 082 | _a001.4226 | ||
| 100 | _aRobertson, Bruce | ||
| 245 |
_aLearn to draw charts and diagrams step-by-step / _c Bruce Robertson. |
||
| 260 |
_aLondon : _b Macdonald, _c1988. |
||
| 300 |
_a[192]p. : _b ill., charts ; _c 25cm. |
||
| 500 | _adistributer: al-Ahram | ||
| 511 | _acatalogue by; wessam | ||
| 650 | _aDiagrams. | ||
| 653 | _aCharts & diagrams | ||
| 942 |
_cBB _k001.4226 ROB _2ddc |
||
| 999 |
_c6689 _d6689 |
||